Реализация ETL технологии в проекте создания хранилища данных средствами SQL Server Integration Services 2008; Современные техника и технологии; Т. 2

Bibliografische gegevens
Parent link:Современные техника и технологии: сборник трудов XV Международной научно-практической конференции студентов, аспирантов и молодых ученых, Томск, 4-8 мая 2009 г/ Национальный исследовательский Томский политехнический университет (ТПУ).— , 2009
Т. 2.— 2009.— [С. 301-302]
Hoofdauteur: Толдыкина Е. В. Елизавета Викторовна
Andere auteurs: Кудинов А. В. Антон Викторович (научный руководитель), Кудинов А. В.
Samenvatting:Заглавие с титульного листа
Электронная версия печатной публикации
Taal:Russisch
Gepubliceerd in: 2009
Onderwerpen:
Online toegang:http://www.lib.tpu.ru/fulltext/c/2009/C01/V2/153.pdf
Formaat: Elektronisch Hoofdstuk
KOHA link:https://koha.lib.tpu.ru/cgi-bin/koha/opac-detail.pl?biblionumber=247106

MARC

LEADER 00000naa2a2200000 4500
001 247106
005 20260116112956.0
035 |a (RuTPU)RU\TPU\book\268579 
035 |a RU\TPU\book\268577 
090 |a 247106 
100 |a 20131216d2009 k y0rusy50 ca 
101 0 |a rus 
102 |a RU 
135 |a drnn ---uucaa 
181 0 |a i  
182 0 |a b 
200 1 |a Реализация ETL технологии в проекте создания хранилища данных средствами SQL Server Integration Services 2008   |f Е. В. Толдыкина, А. В. Кудинов  |g науч. рук. А. В. Кудинов 
203 |a Текст  |c электронный 
215 |a 1 файл (733 Кб) 
300 |a Заглавие с титульного листа 
300 |a Электронная версия печатной публикации 
337 |a Adobe Reader 
461 0 |0 (RuTPU)RU\TPU\book\261117  |t Современные техника и технологии  |o сборник трудов XV Международной научно-практической конференции студентов, аспирантов и молодых ученых, Томск, 4-8 мая 2009 г  |o в 3 т.  |f Национальный исследовательский Томский политехнический университет (ТПУ)  |d 2009 
463 0 |0 (RuTPU)RU\TPU\book\266450  |t Т. 2  |v [С. 301-302]  |d 2009 
610 1 |a электронный ресурс 
610 1 |a труды учёных ТПУ 
610 1 |a информационные системы 
610 1 |a технологии 
610 1 |a данные 
610 1 |a хранилища 
610 1 |a ETL технология 
610 1 |a SSIS 
700 1 |a Толдыкина  |b Е. В.  |c магистрант каф. вычислительной техники (ВТ) АВТФ, ТПУ  |c инженер лаборатории ГИС Института «Кибернетический центр» ТПУ  |f 1986-  |g Елизавета Викторовна  |3 (RuTPU)RU\TPU\pers\25951 
701 1 |a Кудинов  |b А. В.  |c специалист в области автоматического управления  |c доцент Томского политехнического университета, кандидат технических наук  |f 1975-  |g Антон Викторович  |3 (RuTPU)RU\TPU\pers\25545 
702 1 |a Кудинов  |b А. В.  |4 727 
801 1 |a RU  |b 63413507  |c 20130617 
801 2 |a RU  |b 63413507  |c 20131217  |g RCR 
856 4 |u http://www.lib.tpu.ru/fulltext/c/2009/C01/V2/153.pdf 
942 |c CF